Guess the Football Club by Logo - Statistics

General Stats
  • This quiz has been taken 151 times
  • The average score is 191 of 500
Answer Stats
Picture Answer % Correct
Leicester City
82%
Benfica
79%
Lazio
79%
Manchester City
79%
Barcelona
76%
Bayer Leverkusen
76%
PSV Eindhoven
76%
Chelsea
75%
Koln
75%
Los Angeles
75%
West Ham United
75%
Celta Vigo
74%
Fiorentina
74%
Girona
74%
Arsenal
73%
AS Roma
73%
Lens
73%
Marseille
73%
Real Madrid
72%
Tottenham Hotspur
72%
AZ Alkmaar
71%
Galatasaray
71%
Genk
71%
Inter
71%
Lille
71%
Liverpool
71%
Brentford
70%
Lyon
70%
Nottingham Forest
70%
Santos
70%
Atalanta Bergame
69%
Bayern Munich
69%
Eintracht Frankfurt
69%
Empoli
69%
Inter Miami
69%
Rangers
69%
Real Betis
69%
Athletic Bilbao
68%
Brest
68%
Copenhagen
68%
Real Sociedad
68%
Rennes
68%
Sheffield United
68%
Sporting Portugal
68%
Wolfsburg
68%
Leeds United
67%
Valencia
67%
Bologna
66%
Luton Town
66%
Newcastle United
66%
New York City
66%
Paris
66%
Sturm Graz
66%
Crvena zvezda
65%
Espanyol Barcelona
64%
Fulham
64%
LA Galaxy
64%
Nice
64%
Stuttgart
64%
Aston Villa
63%
Dynamo Kyiv
63%
Hull City
63%
Panathinaïkos
63%
Schalke O4
63%
Torino
63%
Wolverhampton Wanderers
63%
Borrussia Dortmund
62%
Club Brugge
62%
Malmö
62%
Osasuna
62%
RB Leipzig
62%
Stoke City
62%
Al Nassr
61%
AS Monaco
61%
Bournemouth
61%
Celtic
61%
Everton
61%
Juventus
61%
Napoli
61%
Sao Paulo
61%
Ajax Amsterdam
60%
Atletico Madrid
60%
Brighton & Hove Albion
60%
Cardiff City
60%
CSKA Moscow
60%
Gent
60%
Hoffenheim
60%
Manchester United
60%
Southampton
60%
Blackburn Rovers
59%
Braga
59%
Parma
59%
Porto
59%
PSG
59%
Udinese
59%
Villarreal
59%
West Bromwich Albion
59%
Zenit Saint Petersburg
59%
AC Milan
58%
Crystal Palace
58%
Feyenoord
58%
River Plate
58%
Sevilla
58%
Young Boys
58%
Al Ittihad
57%
Basel
57%
Dinamo Zagreb
57%
Ipswich Town
57%
Legia Warsaw
57%
Sheriff Tirabsol
57%
Venezia
57%
Club América
56%
Getafe
56%
Reims
56%
Sparta Prague
56%
Como
55%
Nuremberg
55%
Angers
54%
Dijon
54%
Fenerbahçe
54%
Genoa
54%
Rayo Vallecano
54%
Servette
54%
Watford
54%
Cagliari
53%
Hertha Berlin
53%
Lorient
53%
Nantes
53%
Royal Antwerp
53%
Union Berlin
53%
Auxerre
52%
Bristol City
52%
Caen
52%
Elche
52%
Hamburger
52%
Las Palmas
52%
Mallorca
52%
Millwall
52%
Olympiacos
52%
Salzburg
52%
Sampdoria
52%
Anderlecht
51%
Slavia Prague
51%
St Pauli
51%
Union Saint-Gilloise
51%
AEK Athens
50%
Flamengo
50%
Freiburg
50%
Hellas Verona
50%
Lokomotiv Moscow
50%
Maccabi Tel-Aviv
50%
Mainz 05
50%
Montpellier
50%
Orlando Pirates
50%
Sunderland
50%
Swansea City
50%
Toulouse
50%
Twente
50%
Besiktas
49%
Birmingham
49%
Heidenheim
49%
Metz
49%
Molde
49%
Shakhtar Donetsk
49%
Strasbourg
49%
Werder Bremen
48%
Augsburg
47%
Bastia
47%
Deportivo Alavés
47%
Grenada
47%
Sassuolo
47%
Slovan Bratislava
47%
Viktoria Plzen
47%
Bodø/Glimt
46%
Bordeaux
46%
Borrussia Monchengladbach
46%
Middlesbrough
46%
New York RB
46%
Orlando City
46%
Palmeiras
46%
Partizan
46%
Boavista
45%
Burnley
45%
Chicago Fire
45%
Dynamo Moscow
45%
Norwich City
45%
Queens Park Rangers
45%
Standard Liège
45%
Wigan Athletic
45%
Al-Hilal
44%
APOEL Nicosia
44%
Austria Wien
44%
Bolton Wanderers
44%
Coventry City
44%
Lecce
44%
Lech Poznan
44%
Palermo
44%
Salernitana
44%
Utrecht
44%
Almería
43%
Brescia
43%
Cadiz
43%
Colo Colo
43%
Ferencvaros
43%
Leganés
43%
Real Zaragoza
43%
Wimbledon
43%
Aberdeen
42%
Clermont
42%
Derby County
42%
Fortuna Dusseldorf
42%
Grêmio
42%
Heerenveen
42%
Krasnodar
42%
Le Havre
42%
Racing Club
42%
Spartak Moscow
42%
Sydney
42%
Trabzonspor
42%
Fluminense
41%
Groningen
41%
HJK Helsinki
41%
Istanbul Başakşehir
41%
Plymouth Argyle
41%
Seattle Souders
41%
Midtjylland
40%
Oxford United
40%
Real Valladolid
40%
Saint-Etienne
40%
Milton Keynes Dons
39%
Sporting Gijón
39%
Vitesse Arnhem
39%
Barnsley
38%
Charlton Athletic
38%
CSKA Sofia
38%
Kaiserslautern
38%
Levante
38%
PAOK
38%
Qarabag
38%
Rapid Wien
38%
Rosenborg
38%
Shamrock Rovers
38%
Wrexham
38%
Wycombe
38%
Ajaccio
37%
Al Ahly
37%
Cercle Brugge
37%
Dallas
37%
Eibar
37%
Go Ahead Eagles
37%
Málaga
37%
Portsmouth
37%
Rio Ave
37%
Atlanta United
36%
Bochum
36%
Botafogo
36%
Dynamo Minsk
36%
FCSB
36%
Maccabi Haïfa
36%
Monza
36%
Sparta Rotterdam
36%
Astana
35%
Cincinnati
35%
Corinthians
35%
Reading
35%
Bate Borisov
34%
CFR Cluj
34%
Deportivo de La Coruña
34%
Hajduk Split
34%
Minnesota United
34%
Rotherham
34%
Sheffield Wednesday
34%
Toronto
34%
Troyes
34%
Willem II
34%
Cremonese
33%
Ludogorets
33%
SPAL
33%
AIK
32%
Atlético Mineiro
32%
Montréal
32%
Newell's Old Boys
32%
Preston North End
32%
Union Philadelphia
32%
Columbus Crew
31%
Guingamp
31%
Hacken
31%
Huesca
31%
Monterrey
31%
Notts County
31%
St. Gallen
31%
Vasco da Gama
31%
Al-Aïn
30%
Arouca
30%
Austin
30%
Benevento
30%
Bristol Rovers
30%
Burton Albion
30%
DC United
30%
LASK
30%
Portland Timbers
30%
Tenerife
30%
Vissel Kobe
30%
Whitecaps Vancouver
30%
Arminia Bielefeld
29%
Auckland City
29%
Charleroi
29%
Dynamo Dresden
29%
Gillingham
29%
Grasshopper
29%
Hanover 96
29%
Huddersfield
29%
OHL
29%
1860 Munich
28%
Accrington Stanley
28%
Bari
28%
Dundee United
28%
Hibernian
28%
PEC Zwolle
28%
Racing Santander
28%
Real Oviedo
28%
Rijeka
28%
Sion
28%
The New Saints
28%
Tigres
28%
Blackpool
27%
Charlotte
27%
Elfsborg
27%
Göteborg
27%
Independiente
27%
Peterborough
27%
Puskas Akademia
27%
Adelaide United
26%
Albacete
26%
Darmstadt
26%
Kaiser Chiefs
26%
Lausanne
26%
Lugano
26%
Motherwell
26%
Pumas
26%
Raków Częstochowa
26%
Wydad Casablanca
26%
Barcelona SC
25%
Cracovia
25%
Guangzhou Evergrande
25%
Heart of Midlothian
25%
Lugo
25%
Nashville
25%
Paderborn
25%
Rubin Kazan
25%
Sporting Kansas City
25%
Vaduz
25%
Wolfsberg
25%
Internacional
24%
NEC Nijmegen
24%
Omonia
24%
Vitória de Guimarães
24%
Almere City
23%
Colorado Rapids
23%
Dundee
23%
Dynamo Tbilissi
23%
Eintracht Braunschweig
23%
Frosinone
23%
Greuter Furth
23%
Guadalajara
23%
Nordsjælland
23%
Zürich
23%
Andorra
22%
Cruzeiro
22%
Karlsruher
22%
Moreirense
22%
RFS
22%
Ross County
22%
San Lorenzo
22%
Sivasspor
22%
Vélez
22%
Aalborg
21%
Amiens
21%
Atlas
21%
Beerschot
21%
Brøndby
21%
Cruz Azul
21%
Den Haag
21%
Esperance Tunis
21%
Fortuna Sittard
21%
Houston
21%
Huracan
21%
Kilmarnock
21%
Konyaspor
21%
Pachuca
21%
Westerlo
21%
Adana Demirspor
20%
Fortaleza
20%
Ibiza
20%
Lanus
20%
Mechelen
20%
Penarol
20%
Real Salt Lake
20%
RKC Waalwijk
20%
AEK Larnaca
19%
Antalyaspor
19%
Ballkani
19%
Derry City
19%
Kortrijk
19%
Magdeburg
19%
Vikingur Reykjavik
19%
Alanyaspor
18%
Eupen
18%
Luzern
18%
Maribor
18%
New England
18%
Saint-Louis
18%
Spezia
18%
St. Truiden
18%
Athletico Paranaense
17%
Bahia
17%
Bolivar
17%
Breiðablik
17%
Heracles Almelo
17%
Rostov
17%
San José Earthquakes
17%
Seoul
17%
St Mirren
17%
Urawa Red Diamonds
17%
Banik Ostrava
16%
Klaksvik
16%
Lillestrom
16%
Lincoln Red Imps
16%
Sochi
16%
AFG Aarhus
15%
Central Coast Mariners
15%
Dnipro-1
15%
Kashima Antlers
15%
LDU Quito
15%
Linfield
15%
Melbourne Victory
15%
Olimpia
15%
Slovan Liberec
15%
Zamalek
15%
Zrinjski Mostar
15%
Chapecoense
14%
Club León
14%
Crotone
14%
Estudiantes de la Plata
14%
Gornik Zabrze
14%
Mamelodi Sundowns
14%
Nacional
14%
Rosario Central
14%
Strømsgodset
14%
Vålerenga
14%
Yokohama F. Marinos
14%
Zorya Luhansk
14%
ARIS Limassol
13%
Cerro Porteno
13%
Junior
13%
Norrköping
13%
Sarajevo
13%
Aris Thessaloniki
12%
Backa Topola
12%
Millionarios
12%
Pohang Steelers
12%
RWDM
12%
TP Mazembe
12%
Ulsan Hyundai
12%
Al-Saad
11%
Apollon Limassol
11%
Djugarden
11%
Mumbai City
11%
Valur Reykjavik
11%
Zulte Waregem
11%
Argentinos Juniors
10%
Beijing Guoan
10%
Bocas Juniors
10%
Deportivo Saprissa
10%
Holsten Kiel
10%
Kawasaki Frontale
10%
Modena
10%
Necaxa
10%
Pro Vercelli
10%
Shangai Port
10%
Atlético National
9%
Club Libertad
9%
Sigma Olomouc
9%
Dender
8%
Deportivo Cali
8%
ES Sahel
8%
Hearts of Oak
8%
Independiente del Valle
8%
Jablonec
8%
Jeonbuk Hyundai Motors
8%
JS Kabylie
8%
Raja Casablanca
8%
ASEC Mimosas
7%
ES Sétif
7%
Olimpija Ljubjana
7%
Valletta
7%
Enyimba
5%
Seongnam
5%
Canon Yaoundé
4%
Hafia
4%
No matching quizzes found
Score Distribution
Percent of People with Each Score
Percentile by Number Answered
Your Score History
You have not taken this quiz